Football: records incroyables - Statistiques

Statistiques générales
  • Ce quiz a été pris 7 286 fois
  • Le résultat moyen est 10 sur 20
Statistiques - réponses
Records Réponse % Correct
91 buts sur une année civile Messi
100%
Meilleur buteur de la LDC Ronaldo
99%
Quintuplé en 9 minutes Lewandowski
95%
Club avec le plus de LDC consécutive Real
82%
Joueur le plus cher de l’histoire Neymar
81%
Seul gardien avec un ballon d’or Yachine
79%
Joueur récoltant 26 cartons jaunes en 38 matchs Ramos
69%
Équipe nationale avec la plus longue invincibilité Italie
67%
Meilleur buteur en coupe du monde Klose
66%
Joueur français qui n’a jamais été hors jeu de sa carrière Zidane
60%
Seul entraîneur a avoir réalisé un sextuplé Guardiola
55%
Premier joueur à remporter 3 ballons d’Or Cruyff
48%
Triplé en deux minutes en Premier League Mané
45%
Autre joueur que CR7 à avoir marqué à chaque minute d’un match Ibrahimovic
37%
Gardien qui comptabilise 132 buts Ceni
12%
Le + de finale consécutive en coupe du monde Cafu
10%
But le plus rapide en coupe du monde Hakan sukur
7%
Gardien qui joue en Europe invincible pendant 15 matchs Van Der Sar
7%
But le plus lointain Begovic
6%
Vainqueur le + vieux en coupe du monde Zoff
4%
Aucun quiz correspondant
Distribution des résultats
% des personnes avec chaque résultat
Percentile par nombre de réponses
Votre historique - résultats
Vous n’avez pas pris ce quiz